| Tag |
First Indicator |
Second Indicator |
Subfields |
| LEADER |
00000cam a2200000 4500 |
| 001 |
in00000058460 |
| 005 |
20151007082306.0 |
| 008 |
780622s1925 nyu b 00010 eng |
| 010 |
|
|
|a 25021080
|
| 035 |
|
|
|a (OCoLC)03995600
|
| 035 |
|
|
|9 AAF7656AM
|
| 040 |
|
|
|a DLC
|c HDC
|d TXA
|d UtOrBLW
|
| 049 |
|
|
|a TXAM
|c [29807]
|
| 050 |
0 |
0 |
|a HN19
|b .H8
|
| 092 |
|
|
|a 173.6
|b H94y
|
| 100 |
1 |
|
|a Hunter, Allan A.
|
| 245 |
1 |
0 |
|a Youth's adventure /
|c by Allan A. Hunter; foreword by Harry Emerson Fosdick.
|
| 264 |
|
1 |
|a New York [etc.] :
|b D. Appleton and Company,
|c 1925.
|
| 300 |
|
|
|a vii pages, 1 leaf, 153 pages, 1 unnumbered page ;
|c 20 cm.
|
| 336 |
|
|
|a text
|b txt
|2 rdacontent
|
| 337 |
|
|
|a unmediated
|b n
|2 rdamedia
|
| 338 |
|
|
|a sheet
|b nb
|2 rdacarrier
|
| 504 |
|
|
|a "Suggested readings" at end of each chapter.
|
| 650 |
|
0 |
|a Youth.
|
| 650 |
|
0 |
|a Social problems.
|
| 999 |
|
|
|a MARS
|
| 999 |
f |
f |
|s 9bd9879f-65a7-3de2-b366-2763708e2aba
|i 3ac206b8-d2c6-3755-9e83-519df4df15b7
|t 0
|
| 952 |
f |
f |
|p ric
|a Texas A&M University
|b Rellis Campus
|c Joint Library Facility
|d Remote Storage
|t 0
|e HN19 .H8
|h Library of Congress classification
|i unmediated -- sheet
|m A14800535476
|
| 998 |
f |
f |
|a HN19 .H8
|t 0
|l Remote Storage
|